Les meilleurs buteurs du Brésil depuis 2000 - Statistiques

Statistiques générales
  • Ce quiz a été pris 4 712 fois
  • Le résultat moyen est 10 sur 20
Statistiques - réponses
Clubs Joueur Buts % Correct
Santos / Barcelone / Paris Neymar 60
100%
Inter Milan / Real Madrid Ronaldo 28
94%
Gremio / Paris / Barcelone / Flamengo Ronaldinho 26
87%
Sao Paulo / Milan AC / Real Madrid Kaka 29
79%
Liverpool / Barcelone Philippe Coutinho 13
62%
Porto / Zenith Hulk 11
58%
Hoffenheim / Liverpool Roberto Firmino 9
58%
Santos / Real Madrid / City / Milan AC Robinho 28
58%
Palmeiras / City Gabriel Jesus 13
54%
Barcelone / Milan AC Rivaldo 10
49%
Parme / Inter Adriano 27
46%
Internacional / Chelsea Oscar 12
45%
Milan AC Alexandre Pato 10
37%
Lyon / Fluminense Fred 18
36%
Shakthar / Chelsea Willian 8
35%
Corinthians / Guangzhou / Barcelone Paulinho 13
34%
Vasco de Gama Romario 11
18%
Sao Paulo / Seville Luis Fabiano 28
12%
Internacional / Villareal Nilmar 9
5%
Shakthar / Man City / Galatasaray Elano 9
2%
Aucun quiz correspondant
Distribution des résultats
% des personnes avec chaque résultat
Percentile par nombre de réponses
Votre historique - résultats
Vous n’avez pas pris ce quiz